Music Quiz

Random Music or Song Quiz

'90s Song Title Match Up II Quiz Stats

 Plays Quiz Updated Oct 21, 2019

Support Sporcle.
Go Orange.
Score 0/25 Timer 04:00
9 Plays Today
% Correct
I Will Always
98%
Achy
97.2%
Ready Or
97%
Come As You
97%
U Can't
96.4%
Mo Money
96.4%
Streets Of
96.1%
Bed Of
96%
Nothing Else
95.7%
Man On
95.2%
Under The
95%
End Of
94.1%
Take a
92.9%
% Correct
Even Better than The
92.4%
Baby
91.9%
Runaway
91.7%
You Oughta
91.4%
Are You Gonna
91.3%
Don't
90.3%
Bitter
89.4%
Two
87%
Champagne
84%
Karma
79.9%
Better
79.4%
Devil's
76.1%

From the Vault

Big 4 21st Century MVP Sorting Blitz

by awesomeness365

Sports 90s
Sort fast enough and you could be the MVP of sorting.
Remove Ads.
Support Sporcle.
Get the best of Sporcle when you Go Orange. This ad-free experience offers more features, more stats, and more fun while also helping to support Sporcle. Thank you for becoming a member.

Show Comments

Extras

Top Quizzes Today


Score Distribution

Your Account Isn't Verified!

In order to create a playlist on Sporcle, you need to verify the email address you used during registration. Go to your Sporcle Settings to finish the process.

Report this User

Report this user for behavior that violates our Community Guidelines.

Details: